000 00990cam a2200265 i 4500
999 _c126235
_d126235
001 4111003
003 ARRUPE
005 20170228092230.0
008 750520s1972 vc b 000 0 eng
010 _a 75303793
040 _aDLC
_cDLC
_dDLC
050 0 0 _aBR115.J8
_bJ87 vol.2
082 0 0 _a261.8 s
_a261.8
100 1 _aArrupe, Pedro,
_d1907-1991.
_92376
245 1 0 _aWitnessing to justice /
_cPedro Arrupe.
260 _aVatican City :
_bPontifical Commission Justice and Peace,
_cc1972.
300 _a62 p. ;
_c21 cm.
440 0 _aJustice in the world ;
_v2
_929106
500 _a"Commentary on the document 'Justice in the world' of the 1971 Synod of Bishops."
504 _aIncludes bibliographical references.
650 0 _aSociology, Christian
_xCatholic Church.
_929107
650 0 _aJustice
_929108
710 2 _aCatholic Church.
_bSynodus Episcoporum
_d(1971).
_tDe iustitia in mundo.
_929109
906 _a7
_bcbc
_corignew
_d4
_encip
_f19
_gy-gencatlg
942 _2lcc
_cMONOGRAPH